[Event "OMA-ch"]
[Site "Muscat"]
[Date "2019.12.05"]
[Round "5"]
[White "Al Ghafri, Amer"]
[Black "Al Balushi, Ahmed Murad"]
[Result "1-0"]
[WhiteElo "1629"]
[BlackElo "1528"]
[PlyCount "57"]
[EventDate "2019.12.02"]
[EventType "swiss"]
[EventRounds "9"]
[EventCountry "OMN"]
[SourceTitle "CBM 195 Extra"]
[Source "ChessBase"]
[SourceDate "2020.05.31"]
[SourceVersion "1"]
[SourceVersionDate "2020.05.31"]
[SourceQuality "1"]

1. d4 d5 2. c4 e6 3. Nc3 h6 4. Nf3 a6 5. e3 Nf6 6. Bd3 Be7 7. 0-0 Nbd7 8. e4 dxc4 9. Bxc4 b5 10. Bd3 Bb7 11. Re1 c5 12. e5 Nd5 13. Nxd5 Bxd5 14. Be4 Nb6 15. b3 0-0 16. Bb2 c4 17. Rc1 b4 18. bxc4 Nxc4 19. Bb1 Nxb2 20. Qc2 g6 21. Qxb2 f5 22. Nd2 a5 23. Bd3 a4 24. Bc4 a3 25. Qb3 Ra5 26. Bxd5 Rxd5 27. Rc4 Qb6 28. Qd3 Rfd8 29. Nb3 1-0